Statistics for Cities on Interstate 75 on a Map

Click here to take the quiz!

General Stats

  • This quiz has been taken 871 times
  • The average score is 12 of 25

Answers on the Map

Answers color-coded by a green-red scale on the quiz's map according to % correct below.
 

Answer Stats

PopulationCity% Correct
488,800Atlanta
97%
674,841Detroit
97%
387,916Tampa
95%
301,394Cincinnati
90%
30,864Miami Lakes
89%
276,614Toledo
76%
186,173Knoxville
70%
320,601Lexington
69%
179,690Chattanooga
65%
140,569Dayton
64%
153,095Macon
55%
96,559Flint
49%
79,927Fort Myers
45%
132,127Gainesville
43%
48,650Saginaw
28%
56,095Valdosta
28%
59,267Ocala
27%
31,153Bowling Green, OH
24%
37,117Lima
24%
60,544Marietta, GA
22%
41,335Findlay
17%
76,115Warner Robins
17%
33,571Dalton
15%
35,113Richmond, KY
12%
62,327Port Charlotte
10%

Score Distribution

Percentile by Number Answered

Percent of People with Each Score

Your Score History

You have not taken this quiz